[Event "GER Seniors Derby 14th"]
[Site "Wesel Undeloh"]
[Date "2015.04.16"]
[Round "3"]
[White "Steinwender, Dieter"]
[Black "Orlowski, Juliusz"]
[Result "1/2-1/2"]
[WhiteElo "1844"]
[BlackElo "1767"]
[PlyCount "110"]
[EventDate "2015.04.15"]
[EventType "swiss"]
[EventRounds "9"]
[EventCountry "GER"]
[SourceTitle "EXT 2018"]
[Source "ChessBase"]
[SourceDate "2017.10.13"]
[SourceVersion "1"]
[SourceVersionDate "2017.10.13"]
[SourceQuality "1"]

1. e4 c5 2. Nf3 Nc6 3. d4 cxd4 4. Nxd4 e6 5. Nb5 d6 6. c4 a6 7. N5c3 Be7 8. Be3 Nf6 9. Be2 0-0 10. 0-0 Qc7 11. Na3 b6 12. Rc1 Bb7 13. f3 Rad8 14. Na4 Nd7 15. Qe1 Nc5 16. Nc3 Nb4 17. Ncb5 axb5 18. Nxb5 Nbd3 19. Bxd3 Nxd3 20. Nxc7 Nxe1 21. Rfxe1 Bf6 22. b3 Rd7 23. Bxb6 Rc8 24. Nb5 Bc6 25. Na7 Rb8 26. Be3 Ba8 27. Red1 g5 28. Nb5 Be7 29. Nc3 Rc7 30. Nb5 Rd7 31. a4 g4 32. Kf2 f5 33. exf5 exf5 34. Bf4 Rbd8 35. Nd4 d5 36. Ne6 Rc8 37. Nd4 dxc4 38. Nxf5 Bc5+ 39. Be3 Rxd1 40. Rxd1 cxb3 41. Bxc5 Rxc5 42. Rd8+ Kf7 43. Rxa8 Rxf5 44. Rb8 gxf3 45. gxf3 Ra5 46. Rxb3 Rxa4 47. Re3 Kf6 48. Re4 Ra8 49. Kg3 Kf5 50. Rh4 Rg8+ 51. Rg4 Ra8 52. Rg7 h6 53. h4 Ra1 54. Rg4 Rg1+ 55. Kh3 Rf1 1/2-1/2